LEADER 01349cam a2200325 u 4500 001 000000062974 003 CaOOAMICUS 005 20070226121207.0 008 011016s1986 it u000 u ita u 020 $a8805038903 035 $a10906543 040 $aPUL(R)$bita 041 1 $aita$heng 100 1 $aCragg, Kenneth.$0(OLS)http://pul/name/42809 240 10$aMuhammad and the christian.$lItaliano.$0(OLS)http://pul/title/84000 245 10$aMaometto e il cristiano :$bun problema che attende risposta /$cKenneth Cragg. 260 $aTorino :$bSocietą Editrice Internazionale,$cc1986. 300 $a271 p. ;$c19 cm 490 1 $aIl popolo cristiano 500 $aComprende indici. 504 $aBibliografia: p. 251-253. 650 4$aCristianesimo e altre religioni$xIslamismo.$0(OLS)http://pul/subject/1848 830 3$aIl popolo cristiano.$0(OLS)http://pul/title/39704 850 $aPUL 852 $aPUL$W1$xSL Religione 1$y3$m70 A 96$j81776$nBK-PRI$b $qStampati$B81776$CPULBib$Z2$F81776 $H $81 941 1 $a8 961 $aINV: 54527 996 $6020$a8805038903$9(OLS)http://pul/number/81722 996 $6245$aMaometto e il cristiano :$bun problema che attende risposta$9(OLS)http://pul/title/84001 996 $6260$aTorino :$bSocietą Editrice Internazionale$9(OLS)http://pul/publisher/48746 LEADER 01506nam a2200337 a 4500 001 000000173735 003 CaOOAMICUS 005 20200821102219.0 008 200821s2019 it u000 u ita r 020 $z978-88-467-5642-8* 032 $aLibriCat 040 $aPUL$bita 082 04$a103 100 1 $aCorbini, Amos.$0(OLS)http://pul/name/77542 245 00$aDa Roberto Grossatesta a Jonathan Barnes : $bdialoghi a distanza sulla teoria della dimostrazione in Aristotele / $cAmos Corbini. 260 $aPisa :$bETS,$c©2019. 300 $a137 p. ;$c22 cm 490 1 $aPhilosophica ;$v229 504 $aInlcude riferimenti bibliografici e indici. 600 14$aGrosseteste, Robertus,$cvesc. di Lincoln,$dc. 1168-1253.$0(OLS)http://pul/subject/7272 650 04$aAristotelismo.$0(OLS)http://pul/subject/20799 830 0$aPhilosophica (ETS)$pSerie viola ;$v229.$0(OLS)http://pul/title/151226 850 $aPUL 852 $aPUL$W1$xSL Filosofia 3$y81$m103 COLL 13.229$j197695$qDDC 21$B202523$CPULBib$Z2$F202523 $H134373 $82 941 1 $a9 960 $aFilosofia aristotelica$920799 996 $6020$z978-88-467-5642-8*$9(OLS)http://pul/number/167692 996 $6082$a103$9(OLS)http://pul/classification/621 996 $6245$aDa Roberto Grossatesta a Jonathan Barnes : $bdialoghi a distanza sulla teoria della dimostrazione in Aristotele / $9(OLS)http://pul/title/214929 996 $6260$aPisa :$bETS$9(OLS)http://pul/publisher/65234